| 000 | 00429ntaaa2200169 4500 | ||
|---|---|---|---|
| 003 | 01 | ||
| 005 | 20251027201304.0 | ||
| 008 | 0714s1973 ag 01 | ||
| 040 |
_aAR-BaBN _bspa _cAR-BaBN _eaacr _dRIC |
||
| 082 | _a221.4400 W15 | ||
| 100 |
_aWallenstein, Meir _911053 |
||
| 245 | _aHymns from the Judean scrolls | ||
| 250 |
_a1 ed. : _bThe University Press, _c1950 |
||
| 300 | _a23 p. | ||
| 650 |
_aBiblia Hebrea _911054 |
||
| 942 | _cBK | ||
| 999 |
_c7271 _d7271 |
||